Születésnapi ajándék [elbeszélés] /

Elmentve itt :
Bibliográfiai részletek
Szerző: Loránth László
Dokumentumtípus: Cikk
Megjelent: 1936
Sorozat:Gyakorlati pedagógia 2 No. 3
Kulcsszavak:Magyar irodalom - novella
Tárgyszavak:
Online Access:http://acta.bibl.u-szeged.hu/51210
LEADER 00672nab a2200193 i 4500
001 acta51210
005 20250428131958.0
008 180420s1936 hu o 000 hun d
040 |a SZTE Egyetemi Kiadványok Repozitórium  |b hun 
041 |a hun 
100 1 |a Loránth László 
245 1 0 |a Születésnapi ajándék   |h [elektronikus dokumentum] :  |b [elbeszélés] /  |c  Loránth László 
260 |c 1936 
300 |a 180-182 
490 0 |a Gyakorlati pedagógia  |v 2 No. 3 
650 4 |a Bölcsészettudományok 
650 4 |a Nyelvek és irodalom 
695 |a Magyar irodalom - novella 
856 4 0 |u http://acta.bibl.u-szeged.hu/51210/1/gyakorlati_1936_003_180-182.pdf  |z Dokumentum-elérés